LEADER 01743oam 2200529M 450 001 9910715677503321 005 20191121065729.4 035 $a(CKB)5470000002513287 035 $a(OCoLC)1065801277 035 $a(OCoLC)995470000002513287 035 $a(EXLCZ)995470000002513287 100 $a20070221d1838 ua 0 101 0 $aeng 135 $aurcn||||||||| 181 $ctxt$2rdacontent 182 $cc$2rdamedia 183 $acr$2rdacarrier 200 10$aFrederick Frey & Co. (To accompany Bill H.R. No. 275.) January 4, 1838 210 1$a[Washington, D.C.] :$c[publisher not identified],$d1838. 215 $a1 online resource (2 pages) 225 1 $aHouse report / 25th Congress, 2nd session. House ;$vno. 235 225 1 $a[United States congressional serial set ] ;$v[serial no. 333] 300 $aBatch processed record: Metadata reviewed, not verified. Some fields updated by batch processes. 300 $aFDLP item number not assigned. 517 $aFrederick Frey & Co. 606 $aClaims 606 $aDrawbacks 606 $aExports 606 $aForeign trade promotion 606 $aForeign trade and employment 606 $aImports 608 $aLegislative materials.$2lcgft 615 0$aClaims. 615 0$aDrawbacks. 615 0$aExports. 615 0$aForeign trade promotion. 615 0$aForeign trade and employment. 615 0$aImports. 701 $aWorthington$b John Tolley Hood$f1788-1849$pDemocrat (MD)$01397469 801 0$bWYU 801 1$bWYU 801 2$bOCLCO 801 2$bOCLCQ 906 $aBOOK 912 $a9910715677503321 996 $aFrederick Frey & Co. (To accompany Bill H.R. No. 275.) January 4, 1838$93459149 997 $aUNINA LEADER 01914nam0 2200409 i 450 001 LO10522538 005 20251003044211.0 010 $a8883351029 020 $aIT$b2001-2322 100 $a20010918d2000 ||||0itac50 ba 101 | $aita 102 $ait 181 1$6z01$ai $bxxxe 182 1$6z01$an 200 1 $aˆUn ‰capitalismo bello e pericoloso$e[quinto rapporto sull'economia globale e l'Italia]$fMario Deaglio 210 $aMilano$cGuerini$d2000 215 $aXIII, 196 p.$d24 cm 300 $aNell'occhietto: Centro di ricerca e documentazione Luigi Einaudi; Lazard Vitale Borghesi & C. 606 $aEconomia mondiale$2FIR$3CFIC040544$9E 606 $aItalia$xEconomia$2FIR$3SBLC128980$9E 676 $a330.9049$9SITUAZIONI E CONDIZIONI ECONOMICHE. 1990-1999$v19 686 $aSe.i.14.2.1.1$cStoria dell'economia italiana. 1963-1975. Occupazione e disoccupazione$2F 686 $aSe.i.14.2.2.6$cStoria dell'economia italiana. 1963-1975. L'impresa$2F 696 $aEconomia reale$aAttività economiche$aAspetti economici 699 $aEconomia$yEconomia reale 699 $aEconomia$zAttività economiche 699 $aEconomia$zAspetti economici 700 1$aDeaglio$b, Mario$3CFIV073471$4070$0118101 801 3$aIT$bIT-000000$c20010918 850 $aIT-BN0095 $aIT-NA0457 901 $bNAP BI$cSALA 5 $nLibri da 4151 in poi 901 $bNAP 01$cPOZZO LIB.$nVi sono collocati fondi di economia, periodici di ingegneria e scienze, periodici di economia e statistica e altri fondi comprendenti documenti di economia pervenuti in dono. 912 $aLO10522538 950 0$aBiblioteca Centralizzata di Ateneo$c1 v.$d 01POZZO LIB.ECON MON 5717$e 0101 0000281765E VMA 1 v.$fB $h20210408$i20210408 977 $a 01$a BI 996 $aCapitalismo bello e pericoloso$9467172 997 $aUNISANNIO